Statistiques concernant Paul Doumer et sa présidence

Cliquez ici pour prendre le quiz!

Statistiques générales

  • Ce quiz a été pris 23 fois
  • Le résultat moyen est 11 sur 20

Statistiques - réponses

GroupeIndicesRéponses% Correct
PrésidencePays dont il renforça l'alliance avec la France, pour mieux s'opposer à l'AllemagneRoyaume-Uni
89%
BiographieQuatre des siens furent emportés par la Grande GuerreFils
84%
Présidence
Etiquette sous laquelle il se présenta
Indépendant
84%
PrésidenceEvènement qui mit fin à son mandat ainsi qu'à sa vieAssassinat
79%
PrésidencePrésident du Conseil qui deviendra chef de gouvernement sous VichyPierre Laval
79%
BiographieIle-département dont il fut sénateur pendant près de vingt ansCorse
74%
CitationsUn homme n'est grand que s'il a vu la {mort} de près et l'a regardée en face, froid et impassible.
74%
PrésidenceParc zoologique dont il amorça la constructionZoo de Vincennes
74%
BiographieChambre qu'il présidait avant son élection à la présidenceSénat
68%
PrésidenceIdéologie d'extension de la souveraineté au-delà du territoire métropolitain qu'il défendit fermementColonialisme
63%
BiographiePrésident qui l'emporta face à lui lors de l'élection de 1906Armand Fallières
58%
PrésidenceNationalité du responsableRusse
58%
BiographieProfession de formationEnseignant/Journaliste/Graveur
53%
BibliographieOuvrage consacré au territoire alors français dont il fut gouverneurL'{Indo-Chine} française
37%
CitationsÀ mon âge, ce serait une belle fin de mourir {assassiné}.
26%
PrésidenceAdversaire connu pour son pacifisme et ses nombreuses présidences du ConseilAristide Briand
26%
BiographieMinistère où il fut nommé à trois reprisesFinances
26%
BibliographieEssai comparant un type d'industrie dans différents pays développésLa {Métallurgie} du fer
16%
FamilleEpouseBlanche Richel
5%
FamilleFils aviateurRené Doumer
5%

Distribution des résultats

Percentile par nombre de réponses

% des personnes avec chaque résultat

Votre développement - résultats

Vous n’avez pas pris ce quiz